000 00669nam a22002177a 4500
999 _c10123
_d10123
001 10123
003 OSt
005 20180418122839.0
008 180402s1974 bg a|||| ||a| 000 0 ben d
035 _a(BD-JhCC)10123
040 _aBD-JhCC
_dBD-JhCC
041 _aben
082 _a891.4409
_bCHO 1974
100 _aচৌধুরী, প্রমথ
245 _aগল্পসংগ্রহ /
_cপ্রমথ চৌধুরী
260 _aকলকাতা :
_bবিশ্বভারতী গ্রন্থনবিভাগ,
_c1974.
300 _a538 p. :
_c22 cm.
650 _aCollection of works
942 _2ddc
_cBK